[Event "4NCL Online Division 4"]
[Site "online"]
[Date "2021.09.21"]
[EventDate "2021.09.21"]
[Round "3.104"]
[White "Wright, Nigel"]
[WhiteElo "1679"]
[WhiteTeam "Ashfield Anonymous C"]
[Black "Cutler, Matthew"]
[BlackElo "1029"]
[BlackTeam "MK Phoenix 3"]
[Result "1-0"]
[PlyCount "113"]

1. d4 Nf6 2. Bf4 d5 3. e3 c5 4. Nf3 Nc6 5. c3 Nh5 6. Bg3 Nxg3 7. hxg3 e6 8. Nbd2 Qb6 9. Qc2 Be7 10. Be2 Bf6 11. Nb3 c4 12. Nbd2 h6 13. g4 g5 14. Nf1 e5 15. dxe5 Nxe5 16. Nxe5 Bxe5 17. Nd2 Qe6 18. Nf3 Bd7 19. O-O-O O-O-O 20. Nxe5 Qxe5 21. Bf3 Be6 22. Rd4 f5 23. gxf5 Bxf5 24. Qd2 Be4 25. Bxe4 dxe4 26. Rd1 Rxd4 27. Qxd4 Qxd4 28. Rxd4 Rf8 29. Rxc4+ Kb8 30. Rxe4 Rxf2 31. g4 Re2 32. a4 a5 33. b4 axb4 34. cxb4 Kc7 35. Kd1 Rh2 36. Rd4 Rh4 37. Ke2 h5 38. gxh5 Rxh5 39. Rg4 Kc6 40. Kd3 b5 41. a5 Rh1 42. Rxg5 Rd1+ 43. Ke4 Rb1 44. Rc5+ Kd6 45. Rxb5 Rc1 46. a6 Rc8 47. Rd5+ Ke6 48. Rc5 Ra8 49. b5 Kd6 50. Rc6+ Kd7 51. Kd5 Kd8 52. Rh6 Kc7 53. e4 Kd7 54. Rh7+ Kc8 55. Kd6 Kb8 56. Kc6 Ra7 57. Rh8# 1-0

[Event "4NCL Online Division 4"]
[Site "online"]
[Date "2021.09.21"]
[EventDate "2021.09.21"]
[Round "3.111"]
[White "Kuzhelev, Timur"]
[WhiteElo "2059"]
[WhiteTeam "Battersea Juniors"]
[Black "Pope, Martin"]
[BlackElo "1658"]
[BlackTeam "Cornish Pirates"]
[Result "0-1"]
[PlyCount "105"]

1. e4 c6 2. d4 d5 3. exd5 cxd5 4. c4 e6 5. Nc3 Nf6 6. Nf3 Be7 7. cxd5 Nxd5 8. Bb5+ Bd7 9. Qb3 Bxb5 10. Qxb5+ Qd7 11. Nxd5 exd5 12. Qxd7+ Nxd7 13. Bd2 Rc8 14. Rc1 O-O 15. O-O Nb6 16. b3 Rxc1 17. Rxc1 Rc8 18. Rxc8+ Nxc8 19. Kf1 Bd6 20. Ne1 f6 21. Nd3 b6 22. Bf4 Kf7 23. Bxd6 Nxd6 24. Nf4 Nb5 25. Nxd5 Nxd4 26. Nf4 Nc6 27. Nd3 g6 28. Ke2 Ke6 29. Ke3 Ne5 30. Kd2 Nxd3 31. Kxd3 Kd5 32. f4 f5 33. b4 b5 34. a3 h6 35. h4 h5 36. g3 a6 37. Kd2 Kd4 38. Kc2 Ke3 39. Kc3 Kf3 40. Kd4 Kxg3 41. Kc5 Kxh4 42. Kb6 Kg3 43. Kxa6 h4 44. Kxb5 h3 45. a4 h2 46. a5 h1=Q 47. a6 Kxf4 48. Kb6 g5 49. Ka7 g4 50. b5 g3 51. b6 g2 52. b7 g1=Q+ 53. Kb8 0-1

[Event "4NCL Online Division 4"]
[Site "online"]
[Date "2021.09.21"]
[EventDate "2021.09.21"]
[Round "3.112"]
[White "Oates, Thomas"]
[WhiteElo "1670"]
[WhiteTeam "Cornish Pirates"]
[Black "Dupuis, Denis K"]
[BlackElo "1877"]
[BlackTeam "Battersea Juniors"]
[Result "0-1"]
[PlyCount "60"]

1. d4 d5 2. c4 c6 3. Nf3 Nf6 4. Nc3 e6 5. cxd5 exd5 6. Qc2 Bd6 7. Bg5 O-O 8. e4 dxe4 9. Nxe4 Re8 10. Bd3 Qa5+ 11. Bd2 Qd5 12. Ne5 Bxe5 13. dxe5 Nxe4 14. Bxe4 Qxe5 15. O-O Qh5 16. Rfe1 Be6 17. f4 Nd7 18. f5 Bd5 19. Bxd5 cxd5 20. Qd3 Nb6 21. Be3 Nc4 22. Bf2 Red8 23. b3 Nd6 24. Re5 Ne4 25. Rxd5 Rxd5 26. Qxd5 Nxf2 27. Kxf2 Qxh2 28. Qxb7 Re8 29. Qf3 Qh4+ 30. Kg1 Qd4+ 0-1

[Event "4NCL Online Division 4"]
[Site "online"]
[Date "2021.09.21"]
[EventDate "2021.09.21"]
[Round "3.113"]
[White "Agrawal, Shivam"]
[WhiteElo "1871"]
[WhiteTeam "Battersea Juniors"]
[Black "Miller, Daniel"]
[BlackElo "1592"]
[BlackTeam "Cornish Pirates"]
[Result "1/2-1/2"]
[PlyCount "102"]

1. d4 Nf6 2. c4 e5 3. dxe5 Ng4 4. Bf4 Nc6 5. Nf3 Bb4+ 6. Nbd2 Qe7 7. a3 Ngxe5 8. Nxe5 Bxd2+ 9. Qxd2 Nxe5 10. Bxe5 Qxe5 11. g3 Qe4 12. Qd5 Qxd5 13. cxd5 c6 14. Bg2 O-O 15. O-O c5 16. d6 Rb8 17. b4 cxb4 18. axb4 a6 19. b5 f5 20. Bd5+ Kh8 21. Rfb1 axb5 22. Rxb5 b6 23. Rab1 Ba6 24. Rxb6 Rxb6 25. Rxb6 Bxe2 26. Rb7 Rd8 27. f4 g6 28. Kf2 Bd3 29. Ke3 Ba6 30. Ra7 Bb5 31. Kd4 Kg7 32. Kc5 Bd3 33. Bc6 Kf8 34. Bxd7 Be4 35. Bc6 h6 36. Bxe4 fxe4 37. Re7 Re8 38. Rxe8+ Kxe8 39. Kd4 e3 40. Kxe3 Kd7 41. g4 Kxd6 42. Ke4 Ke6 43. h4 Kf6 44. f5 g5 45. h5 Ke7 46. Ke5 Kf7 47. f6 Kf8 48. Ke6 Ke8 49. Ke5 Kf8 50. Ke4 Ke8 51. Ke5 Kf8 1/2-1/2

[Event "4NCL Online Division 4"]
[Site "online"]
[Date "2021.09.21"]
[EventDate "2021.09.21"]
[Round "3.114"]
[White "Steele, Beatrice"]
[WhiteElo "1614"]
[WhiteTeam "Cornish Pirates"]
[Black "Ali, Shahvez"]
[BlackElo "1801"]
[BlackTeam "Battersea Juniors"]
[Result "1-0"]
[PlyCount "61"]

1. d4 d5 2. Nf3 Nf6 3. e3 e6 4. Bd3 Bd6 5. Nbd2 O-O 6. b3 b6 7. Bb2 Bb7 8. Ne5 c5 9. O-O Nbd7 10. f4 Qc7 11. Ndf3 Ne4 12. Ng5 h6 13. Nxe4 dxe4 14. Bb5 Nf6 15. Ng4 Nd5 16. Nxh6+ gxh6 17. dxc5 f6 18. cxd6 Qc5 19. Qh5 Kh7 20. f5 Rg8 21. fxe6 Rg5 22. Qh3 Nxe3 23. b4 Qxb5 24. Qxe3 Rag8 25. g3 Qxb4 26. Bxf6 Rc5 27. d7 Rxc2 28. e7 Qc5 29. Qxc5 bxc5 30. e8=Q e3 31. Qf7+ 1-0

[Event "4NCL Online Division 4"]
[Site "online"]
[Date "2021.09.21"]
[EventDate "2021.09.21"]
[Round "3.121"]
[White "Tarigopula, Varish"]
[WhiteElo "1366"]
[WhiteTeam "Uxbridge Destroyers"]
[Black "New, David"]
[BlackElo "1193"]
[BlackTeam "Phones Pals B"]
[Result "0-1"]
[PlyCount "80"]

1. e4 c5 2. Nf3 d6 3. d4 cxd4 4. Nxd4 Nf6 5. Nc3 a6 6. Nb3 Nc6 7. Be3 e6 8. Nd4 Qc7 9. Qd2 Be7 10. h3 b5 11. a3 O-O 12. Be2 Bb7 13. Nxc6 Bxc6 14. Bd3 d5 15. exd5 Nxd5 16. Nxd5 Bxd5 17. O-O Rfd8 18. Qe2 Rac8 19. Rac1 Bf6 20. c3 Bb3 21. Bc2 Bc4 22. Qh5 g6 23. Qf3 Bg7 24. Rfe1 Bd5 25. Qe2 Qc6 26. f3 Bf6 27. Bf2 Bc4 28. Qe4 Bd5 29. Qe2 Bg5 30. Rcd1 Bc4 31. Rxd8+ Rxd8 32. Qe5 Qd5 33. Bd4 Qxe5 34. Bxe5 Rd2 35. f4 Bh4 36. Rc1 Bd5 37. Bd4 Rxg2+ 38. Kf1 Rh2 39. Bg1 Bc4+ 40. Bd3 Bxd3# 0-1

[Event "4NCL Online Division 4"]
[Site "online"]
[Date "2021.09.21"]
[EventDate "2021.09.21"]
[Round "3.122"]
[White "Vadalia, Jainill"]
[WhiteElo "1140"]
[WhiteTeam "Phones Pals B"]
[Black "Gauri, Dhairye"]
[BlackElo "1347"]
[BlackTeam "Uxbridge Destroyers"]
[Result "1-0"]
[PlyCount "115"]

1. d4 Nf6 2. c4 e6 3. Nf3 Nc6 4. e3 d5 5. Nc3 Bb4 6. a3 Bxc3+ 7. bxc3 dxc4 8. Bxc4 O-O 9. O-O Qe7 10. a4 Rd8 11. Ba3 Qe8 12. Re1 e5 13. Qb3 Na5 14. Qb5 Nxc4 15. Qxc4 Be6 16. Qxc7 exd4 17. cxd4 Bd5 18. Ne5 Rac8 19. Qe7 Qxa4 20. Bc5 Qc2 21. Rxa7 Qe4 22. f3 Qh4 23. Rb1 Re8 24. Qd6 Rcd8 25. Qb6 Qg5 26. Re1 Qh4 27. Bb4 Nd7 28. Nxd7 Rxd7 29. Rea1 Rdd8 30. e4 Bc6 31. d5 Bd7 32. Qxb7 Qh6 33. Ba5 Qe3+ 34. Kh1 Qd4 35. Bxd8 Rxd8 36. Ra8 Rf8 37. Qxd7 g6 38. d6 Kg7 39. R8a5 Qf6 40. Qe7 Qc3 41. Qe5+ Qxe5 42. Rxe5 Kf6 43. Re7 Rd8 44. e5+ Kg7 45. d7 Kf8 46. Re8+ Rxe8 47. dxe8=Q+ Kxe8 48. Ra7 h5 49. f4 h4 50. h3 g5 51. f5 g4 52. hxg4 h3 53. gxh3 f6 54. h4 fxe5 55. h5 e4 56. h6 Kf8 57. h7 e3 58. h8=Q# 1-0

[Event "4NCL Online Division 4"]
[Site "online"]
[Date "2021.09.21"]
[EventDate "2021.09.21"]
[Round "3.123"]
[White "Martellotta, Gabriele"]
[WhiteElo "1333"]
[WhiteTeam "Uxbridge Destroyers"]
[Black "Suyal, Nivedita"]
[BlackElo "1072"]
[BlackTeam "Phones Pals B"]
[Result "0-1"]
[PlyCount "92"]

1. d4 d5 2. c4 dxc4 3. e4 Nf6 4. Nc3 e6 5. Bxc4 Nc6 6. Nf3 h6 7. O-O Bb4 8. e5 Nd5 9. Qc2 Nxc3 10. bxc3 Ba5 11. Ba3 a6 12. Bd3 b5 13. Be4 Bb7 14. Bc5 Bb6 15. Rfd1 Bxc5 16. dxc5 Qe7 17. a4 Rb8 18. Rd2 Qxc5 19. Rad1 O-O 20. axb5 axb5 21. Bxc6 Bxc6 22. Re1 Bxf3 23. gxf3 Qe7 24. Kh1 Rfd8 25. Rg1 Qh4 26. Re2 Qf4 27. Re3 Rd5 28. Rg4 Qf5 29. Qe2 Rbd8 30. Rg1 c6 31. c4 bxc4 32. Qxc4 Rxe5 33. Qxc6 Rxe3 34. fxe3 Qf6 35. f4 Qf5 36. Qg2 g6 37. Qf3 Qd5 38. e4 Qd3 39. Qg2 Qd2 40. Qf3 Rd3 41. Qf1 Qe3 42. e5 Qe4+ 43. Rg2 Rf3 44. Qa6 Rxf4 45. Qc8+ Kg7 46. Qc3 Rf1# 0-1

[Event "4NCL Online Division 4"]
[Site "online"]
[Date "2021.09.21"]
[EventDate "2021.09.21"]
[Round "3.124"]
[White "Srivastava, Aditya"]
[WhiteElo "654"]
[WhiteTeam "Phones Pals B"]
[Black "Cepoi, Gesneria-Codruta"]
[BlackElo "1344"]
[BlackTeam "Uxbridge Destroyers"]
[Result "1-0"]
[PlyCount "59"]

1. d4 f5 2. Bf4 Nf6 3. Nc3 a6 4. Qd2 d5 5. g3 e6 6. Bg2 Bb4 7. Bg5 h6 8. Bxf6 Qxf6 9. Nf3 Nc6 10. a3 Ba5 11. b4 Bb6 12. e3 g5 13. Na4 Ba7 14. Nc5 g4 15. Nh4 b6 16. Nd3 Bd7 17. Nf4 O-O-O 18. Qe2 Kb7 19. c4 dxc4 20. Qxc4 Be8 21. Nhg6 Rg8 22. Ne5 Rd6 23. Rc1 b5 24. Qc3 Qd8 25. Nxc6 Bxc6 26. Bxc6+ Kb8 27. Bg2 Qd7 28. Nd3 Rd8 29. Ne5 Qe8 30. Qxc7# 1-0

[Event "4NCL Online Division 4"]
[Site "online"]
[Date "2021.09.21"]
[EventDate "2021.09.21"]
[Round "3.131"]
[White "Trudeau, Gary"]
[WhiteElo "1745"]
[WhiteTeam "Calstock Killers"]
[Black "Pearce, Mark"]
[BlackElo "1750"]
[BlackTeam "Hackney Hungry"]
[Result "0-1"]
[PlyCount "69"]

1. e4 c5 2. Nf3 Nc6 3. d4 cxd4 4. Nxd4 Nf6 5. Nc3 e5 6. Ndb5 d6 7. Bg5 a6 8. Bxf6 gxf6 9. Na3 b5 10. Nd5 f5 11. Bd3 f4 12. g3 Bg7 13. c3 Ne7 14. c4 Nxd5 15. cxd5 h5 16. h4 fxg3 17. fxg3 Bh6 18. Nc2 Bg4 19. Be2 Rg8 20. Kf2 Qf6+ 21. Kg2 Bf4 22. Bxg4 Rxg4 23. Rh3 Qg6 24. Qe1 Rc8 25. Nb4 Rc4 26. Nd3 Rxe4 27. Qf2 Re3 28. Nxf4 exf4 29. Rc1 Qe4+ 30. Kg1 Rgxg3+ 31. Rxg3 Rxg3+ 32. Kh2 Qf5 33. Re1+ Kf8 34. Qf1 Qg4 35. Re2 0-1

[Event "4NCL Online Division 4"]
[Site "online"]
[Date "2021.09.21"]
[EventDate "2021.09.21"]
[Round "3.132"]
[White "Caceres de la Calle, Eduardo"]
[WhiteElo "1687"]
[WhiteTeam "Hackney Hungry"]
[Black "Hill, Michael"]
[BlackElo "1701"]
[BlackTeam "Calstock Killers"]
[Result "1/2-1/2"]
[PlyCount "85"]

1. c4 Nf6 2. Nc3 e6 3. d4 b6 4. e4 d6 5. Bd3 Bb7 6. Bg5 Be7 7. f3 O-O 8. Nge2 Nbd7 9. O-O e5 10. d5 Nc5 11. b4 Nxd3 12. Qxd3 Re8 13. b5 Nd7 14. Be3 Nf8 15. a4 a5 16. f4 exf4 17. Nxf4 Ng6 18. Nxg6 fxg6 19. Ne2 Bf6 20. Bd4 Bxd4+ 21. Qxd4 Qe7 22. Ng3 Rf8 23. Rae1 Rxf1+ 24. Nxf1 Re8 25. Nd2 Bc8 26. Nf3 Bg4 27. Nd2 Qg5 28. Kh1 Rf8 29. h3 Qh4 30. Qe3 Bd7 31. Kh2 Qe7 32. Nf3 Qf6 33. e5 dxe5 34. Qxe5 Qf4+ 35. Qxf4 Rxf4 36. Re7 Bf5 37. Kg3 Rxc4 38. Ne5 Rc3+ 39. Kf4 Kf8 40. Rf7+ Kg8 41. Re7 Kf8 42. Rf7+ Kg8 43. Re7 1/2-1/2

[Event "4NCL Online Division 4"]
[Site "online"]
[Date "2021.09.21"]
[EventDate "2021.09.21"]
[Round "3.133"]
[White "Kirkman, Nigel J"]
[WhiteElo "1692"]
[WhiteTeam "Calstock Killers"]
[Black "Burgoyne, Peter A"]
[BlackElo "1665"]
[BlackTeam "Hackney Hungry"]
[Result "1-0"]
[PlyCount "49"]

1. e4 c5 2. Nf3 d6 3. d3 Nc6 4. g3 g6 5. Bg2 Bg7 6. O-O Nf6 7. h3 h6 8. Nc3 Be6 9. Be3 Qd7 10. Kh2 g5 11. e5 Nd5 12. Nxd5 Bxd5 13. exd6 exd6 14. c3 Be6 15. Qa4 f5 16. Rfe1 O-O 17. Bxg5 hxg5 18. Nxg5 Rf6 19. Rxe6 Rxe6 20. Bd5 Re8 21. Re1 Be5 22. Qh4 Kf8 23. f4 Rg6 24. fxe5 Qg7 25. Nh7+ 1-0

[Event "4NCL Online Division 4"]
[Site "online"]
[Date "2021.09.21"]
[EventDate "2021.09.21"]
[Round "3.141"]
[White "Gardiner, Harry"]
[WhiteElo "1698"]
[WhiteTeam "Crewe BOL"]
[Black "Smith, Ryan S"]
[BlackElo "1952"]
[BlackTeam "Brentwood Juniors"]
[Result "1-0"]
[PlyCount "121"]

1. d4 d6 2. c4 f5 3. g3 Nf6 4. Nf3 g6 5. Bg2 Bg7 6. O-O O-O 7. Nc3 c6 8. Qc2 Na6 9. a3 Qe8 10. Rb1 e5 11. dxe5 dxe5 12. e4 Nc5 13. Nh4 Ncxe4 14. Nxe4 Nxe4 15. Bxe4 fxe4 16. Qxe4 Bh3 17. Rd1 Rd8 18. Bg5 Rxd1+ 19. Rxd1 Qf7 20. Rd2 h6 21. Be3 g5 22. Ng2 Bf5 23. Qf3 Qxc4 24. Qd1 Be4 25. Bxa7 Bd5 26. Ne3 Qa6 27. Nxd5 cxd5 28. Bc5 Rc8 29. Rxd5 Qc4 30. Bb4 e4 31. Rd8+ Rxd8 32. Qxd8+ Kh7 33. Qe7 Qd3 34. Qf7 Qf3 35. Qxf3 exf3 36. Bc3 Bf8 37. Kf1 Bc5 38. g4 Kg6 39. Bd2 h5 40. h3 hxg4 41. hxg4 Kf6 42. b4 Be7 43. Bc3+ Ke6 44. Ke1 Kd5 45. Kd2 Ke4 46. a4 Kf4 47. Kd3 Kxg4 48. Ke4 Kh5 49. Kxf3 g4+ 50. Kg2 Kg6 51. b5 Bc5 52. a5 Kf5 53. a6 Ke6 54. axb7 Bd6 55. Bd4 Bb8 56. Be3 Kf5 57. f4 Ke4 58. Bg1 Kf5 59. b6 Bd6 60. Bf2 Ke6 61. f5+ 1-0

[Event "4NCL Online Division 4"]
[Site "online"]
[Date "2021.09.21"]
[EventDate "2021.09.21"]
[Round "3.142"]
[White "Pert, Nina"]
[WhiteElo "1871"]
[WhiteTeam "Brentwood Juniors"]
[Black "Michalek, Lukasz"]
[BlackElo "1626"]
[BlackTeam "Crewe BOL"]
[Result "0-1"]
[PlyCount "58"]

1. e4 e5 2. Nf3 Nf6 3. Nxe5 Nc6 4. Nf3 Nxe4 5. Nc3 d5 6. Bd3 Nc5 7. Qe2+ Be7 8. O-O Bg4 9. Bb5 O-O 10. Bxc6 bxc6 11. d4 Ne6 12. Be3 f5 13. Rad1 f4 14. Bc1 Ng5 15. Kh1 Qe8 16. Rg1 Qh5 17. Rd3 Rae8 18. Qe5 Rf5 19. Qe2 Bb4 20. Qd1 Nxf3 21. Rxf3 Bxf3 22. gxf3 Rf6 23. Rg4 Rfe6 24. Bd2 Bxc3 25. bxc3 Qh3 26. Rg1 Re2 27. Rg2 Qxf3 28. Kg1 h5 29. Kf1 Rxf2+ 0-1

[Event "4NCL Online Division 4"]
[Site "online"]
[Date "2021.09.21"]
[EventDate "2021.09.21"]
[Round "3.143"]
[White "Nienaber, Kobus"]
[WhiteElo "1535"]
[WhiteTeam "Crewe BOL"]
[Black "Willoughby, Christopher"]
[BlackElo "1683"]
[BlackTeam "Brentwood Juniors"]
[Result "1-0"]
[PlyCount "67"]

1. d4 d5 2. Bf4 Bf5 3. Nc3 c6 4. Nf3 e6 5. h3 Nf6 6. Nh4 Ne4 7. Nxf5 Nxc3 8. bxc3 exf5 9. Qd3 Qa5 10. Qe3+ Be7 11. Bd6 Qd8 12. Bxe7 Qxe7 13. Qxe7+ Kxe7 14. e3 Nd7 15. Bd3 g6 16. O-O c5 17. c4 cxd4 18. exd4 dxc4 19. Bxc4 Rac8 20. Rfe1+ Kf6 21. Bb3 Nb6 22. d5 Rhd8 23. Rad1 Rc5 24. d6 Nc8 25. d7 Nb6 26. Rd6+ Kg7 27. Re7 a5 28. Rxb6 Rc7 29. Rxf7+ Kh6 30. Ba4 Rc4 31. Bb5 Rxc2 32. a4 Rc7 33. Re6 Rc1+ 34. Kh2 1-0

[Event "4NCL Online Division 4"]
[Site "online"]
[Date "2021.09.21"]
[EventDate "2021.09.21"]
[Round "3.144"]
[White "Willoughby, Andrew P"]
[WhiteElo "1731"]
[WhiteTeam "Brentwood Juniors"]
[Black "Tilton, Lee"]
[BlackElo "1407"]
[BlackTeam "Crewe BOL"]
[Result "1-0"]
[PlyCount "87"]

1. e4 d6 2. Nf3 Nf6 3. d3 e5 4. h3 Be7 5. Be3 Nbd7 6. Nbd2 a5 7. c3 Nf8 8. Be2 Bd7 9. a4 Qc8 10. d4 Ng6 11. Qc2 h6 12. Nc4 exd4 13. cxd4 Bc6 14. Bd3 d5 15. exd5 Bxd5 16. Bxg6 Bxf3 17. Bf5 Be4 18. Bxe4 Bb4+ 19. Bd2 Bxd2+ 20. Nxd2 O-O 21. O-O Rd8 22. Nf3 c6 23. Rfe1 Rd6 24. Rad1 Qc7 25. Re3 Rad8 26. b3 Qb6 27. Rde1 Qc7 28. Qc4 Qc8 29. Bg6 Nd5 30. Bh5 Nxe3 31. Qxf7+ Kh8 32. Rxe3 Rf8 33. Qc4 Rdf6 34. Ne5 Qf5 35. Qe2 Rd8 36. Bg4 Qb1+ 37. Kh2 Rxd4 38. Rf3 Re4 39. Qd3 Qe1 40. Qd8+ Kh7 41. Rxf6 Rxe5 42. Bf5+ Rxf5 43. Rxf5 Qb4 44. Qd3 1-0

[Event "4NCL Online Division 4"]
[Site "online"]
[Date "2021.09.21"]
[EventDate "2021.09.21"]
[Round "3.151"]
[White "Clayton, Ashley"]
[WhiteElo "1593"]
[WhiteTeam "St Andrews White Cross"]
[Black "Sarkar, Rian"]
[BlackElo "1539"]
[BlackTeam "Barnet Knights C"]
[Result "1/2-1/2"]
[PlyCount "71"]

1. e4 c5 2. c3 Nf6 3. e5 Nd5 4. d4 cxd4 5. cxd4 e6 6. Nf3 Bb4+ 7. Bd2 Be7 8. Bc4 Nb6 9. Bb3 Nc6 10. O-O O-O 11. Nc3 d6 12. exd6 Bxd6 13. Re1 a6 14. Be3 Ne7 15. Qd3 h6 16. Bc2 Ng6 17. h4 f5 18. g3 Nd5 19. Nxd5 exd5 20. Bb3 Ne7 21. Bd2 f4 22. Kg2 fxg3 23. fxg3 Bf5 24. Qe3 Be4 25. Qxe4 Kh8 26. Qd3 Qd7 27. Ne5 Bxe5 28. Rxe5 Nf5 29. Rf1 Nxh4+ 30. Kh2 Qg4 31. Rxf8+ Rxf8 32. Re2 Nf3+ 33. Kg2 Nh4+ 34. Kh2 Nf3+ 35. Kg2 Nh4+ 36. Kh2 1/2-1/2

[Event "4NCL Online Division 4"]
[Site "online"]
[Date "2021.09.21"]
[EventDate "2021.09.21"]
[Round "3.152"]
[White "Angelopoulos, Andreas"]
[WhiteElo "1477"]
[WhiteTeam "Barnet Knights C"]
[Black "Scott, Ian"]
[BlackElo "1594"]
[BlackTeam "St Andrews White Cross"]
[Result "1-0"]
[PlyCount "93"]

1. d4 Nf6 2. c4 c5 3. d5 b5 4. Nf3 a6 5. g3 g6 6. Bg2 Bg7 7. O-O bxc4 8. Nfd2 O-O 9. Nxc4 d6 10. e4 Nbd7 11. f4 Rb8 12. Nbd2 Nb6 13. Rb1 Ng4 14. Bf3 Nxc4 15. Nxc4 Bd4+ 16. Kh1 Nf2+ 17. Rxf2 Bxf2 18. Bd2 Bd4 19. Na5 Bd7 20. b3 Bb5 21. Be1 Qb6 22. Be2 Bg7 23. a4 Bxa4 24. Nc4 Qb7 25. Na5 Bxb3 26. Nxb7 Bxd1 27. Bxd1 Rfc8 28. Ba5 c4 29. Ba4 Rc5 30. Bc2 Rb5 31. Rxb5 axb5 32. Nd8 Ra8 33. Nc6 b4 34. e5 dxe5 35. fxe5 Bxe5 36. Bxb4 Ra1+ 37. Kg2 Ra2 38. Nxe5 Rxc2+ 39. Kh3 Kf8 40. Nc6 Re2 41. Kg4 f6 42. Kf3 Rxh2 43. Bxe7+ Ke8 44. Bxf6 Rd2 45. Nb4 Kd7 46. Ke3 Rb2 47. Bxb2 1-0

[Event "4NCL Online Division 4"]
[Site "online"]
[Date "2021.09.21"]
[EventDate "2021.09.21"]
[Round "3.153"]
[White "Bettley, Mark S"]
[WhiteElo "1543"]
[WhiteTeam "St Andrews White Cross"]
[Black "Sanfey, Peter"]
[BlackElo "1219"]
[BlackTeam "Barnet Knights C"]
[Result "1-0"]
[PlyCount "67"]

1. e4 e6 2. Nf3 g6 3. d3 Bg7 4. Nc3 Ne7 5. Be2 d5 6. exd5 exd5 7. O-O d4 8. Ne4 f5 9. Ng3 O-O 10. Re1 f4 11. Ne4 b6 12. Bf1 c5 13. Bd2 Nbc6 14. Qc1 Nd5 15. a4 Ne5 16. a5 Nxf3+ 17. gxf3 Bf5 18. Kh1 Qh4 19. Re2 b5 20. Nxc5 Rae8 21. Qe1 Rxe2 22. Qxe2 Rc8 23. b4 Bf8 24. Qe5 Nc3 25. Qxd4 Bg7 26. Qd6 Bf8 27. Qxf4 Qxf2 28. Bxc3 Qxc2 29. Qe5 Qf2 30. Qh8+ Kf7 31. Qxh7+ Ke8 32. Re1+ Kd8 33. Bf6+ Be7 34. Qxe7# 1-0

[Event "4NCL Online Division 4"]
[Site "online"]
[Date "2021.09.21"]
[EventDate "2021.09.21"]
[Round "3.154"]
[White "Malus, Sean"]
[WhiteElo "1200"]
[WhiteTeam "Barnet Knights C"]
[Black "Clayton, N Charles"]
[BlackElo "1455"]
[BlackTeam "St Andrews White Cross"]
[Result "1/2-1/2"]
[PlyCount "67"]

1. e4 c6 2. Nf3 d5 3. Nc3 dxe4 4. Nxe4 Bf5 5. Bd3 Bxe4 6. Bxe4 Nf6 7. Bd3 e6 8. O-O Bc5 9. Re1 O-O 10. c3 Qxd3 11. Re5 Qd6 12. b4 Bb6 13. d4 Bc7 14. Bf4 Qd7 15. Rg5 Bxf4 16. Ra5 Nd5 17. Qd3 b6 18. Ra3 Qc7 19. g3 Bd6 20. Ng5 g6 21. Qe4 a5 22. Qh4 h5 23. Re1 Nd7 24. Re2 axb4 25. Rb3 Nxc3 26. Rxc3 bxc3 27. Kg2 Be7 28. Rxe6 Bxg5 29. Qxg5 fxe6 30. Qxg6+ Kh8 31. Qh6+ Kg8 32. Qg6+ Kh8 33. Qh6+ Kg8 34. Qg6+ 1/2-1/2

[Event "4NCL Online Division 4"]
[Site "online"]
[Date "2021.09.21"]
[EventDate "2021.09.21"]
[Round "3.161"]
[White "McBeath, Joel"]
[WhiteElo "1686"]
[WhiteTeam "Ashton"]
[Black "Hilditch-Love, Daniel"]
[BlackElo "1704"]
[BlackTeam "Shropshire and Friends 5"]
[Result "0-1"]
[PlyCount "42"]

1. e4 Nc6 2. Nf3 f5 3. exf5 d5 4. Bb5 Bxf5 5. Ne5 a6 6. Nxc6 Qd7 7. Nxe7 axb5 8. Nxf5 Qxf5 9. Qe2+ Kf7 10. O-O c6 11. d4 Nf6 12. Nc3 Bd6 13. f3 b4 14. Nd1 Rae8 15. Ne3 Qf4 16. g3 Qxd4 17. Kg2 Bc5 18. Re1 Qe5 19. Kf1 b5 20. Qd3 Qh5 21. Ng4 Qh3# 0-1

[Event "4NCL Online Division 4"]
[Site "online"]
[Date "2021.09.21"]
[EventDate "2021.09.21"]
[Round "3.162"]
[White "Nield, Robert C"]
[WhiteElo "1700"]
[WhiteTeam "Shropshire and Friends 5"]
[Black "Acharya, Kandara"]
[BlackElo "1604"]
[BlackTeam "Ashton"]
[Result "1/2-1/2"]
[PlyCount "96"]

1. d4 Nf6 2. c4 g6 3. Nc3 Bg7 4. e4 d6 5. Nf3 O-O 6. Be2 c5 7. d5 Na6 8. O-O Nc7 9. h3 a6 10. a4 b6 11. Be3 Bd7 12. Qd2 Rb8 13. Bh6 b5 14. Bxg7 Kxg7 15. axb5 axb5 16. e5 dxe5 17. Nxe5 bxc4 18. Nxd7 Qxd7 19. Bxc4 Rfd8 20. Ra7 Ra8 21. Rfa1 Rxa7 22. Rxa7 Qd6 23. Qe3 Rd7 24. Ra5 Ncxd5 25. Nxd5 Nxd5 26. Bxd5 Qxd5 27. Qc3+ f6 28. Rxc5 Qd1+ 29. Kh2 Qe2 30. Rc7 Rxc7 31. Qxc7 Qxb2 32. Qxe7+ Kh6 33. Qe3+ g5 34. g3 Qb5 35. Qe6 Qe5 36. Qf7 f5 37. Qf8+ Kg6 38. Qg8+ Qg7 39. Qe8+ Kh6 40. g4 fxg4 41. hxg4 Qf6 42. Qe3 Qd6+ 43. Kg2 Qc6+ 44. Kg3 Qd6+ 45. Kg2 Qd5+ 46. Kg3 Qd6+ 47. Kg2 Qd5+ 48. Kg3 Qd6+ 1/2-1/2

[Event "4NCL Online Division 4"]
[Site "online"]
[Date "2021.09.21"]
[EventDate "2021.09.21"]
[Round "3.163"]
[White "Shaughnessy, Phillip"]
[WhiteElo "1462"]
[WhiteTeam "Ashton"]
[Black "Bailey, Adrian"]
[BlackElo "1678"]
[BlackTeam "Shropshire and Friends 5"]
[Result "0-1"]
[PlyCount "76"]

1. b4 Nf6 2. Bb2 d5 3. a3 g6 4. e3 Bg7 5. Nf3 O-O 6. d4 Nbd7 7. c4 e6 8. Nc3 dxc4 9. Bxc4 Nb6 10. Be2 Nbd5 11. Rc1 a5 12. b5 Nxc3 13. Rxc3 Ne4 14. Rc1 c5 15. bxc6 bxc6 16. Rxc6 Bb7 17. Rc1 g5 18. O-O g4 19. Nd2 Nxd2 20. Qxd2 Qd5 21. f3 Rfc8 22. e4 Qb3 23. fxg4 Bxe4 24. Rc3 Qb6 25. Rh3 Rc2 26. Qf4 Qb7 27. Rc3 Rc8 28. Rxc8+ Rxc8 29. Ba1 Bxg2 30. Rd1 Bd5 31. h4 Rc2 32. Kf2 Qb3 33. h5 Qh3 34. Qb8+ Bf8 35. Qg3 Rxe2+ 36. Kxe2 Qxg3 37. Rd3 Bc4 38. Kd1 Qxd3+ 0-1

[Event "4NCL Online Division 4"]
[Site "online"]
[Date "2021.09.21"]
[EventDate "2021.09.21"]
[Round "3.164"]
[White "Cox, Paul"]
[WhiteElo "1659"]
[WhiteTeam "Shropshire and Friends 5"]
[Black "Supatan, Dawn"]
[BlackElo "1402"]
[BlackTeam "Ashton"]
[Result "1-0"]
[PlyCount "61"]

1. c4 e6 2. d4 d5 3. Nf3 c5 4. cxd5 Qxd5 5. Nc3 Qd8 6. Bf4 Nc6 7. dxc5 Bxc5 8. a3 Bb6 9. Qxd8+ Bxd8 10. Rd1 Nf6 11. e3 O-O 12. Be2 Ba5 13. b4 Bb6 14. O-O Re8 15. Ne5 Nxe5 16. Bxe5 Nd7 17. Bb5 Rd8 18. Bg3 Nf8 19. Rxd8 Bxd8 20. Rd1 Bf6 21. Ne4 Be7 22. Nc5 a6 23. Be2 b6 24. Bf3 bxc5 25. Bxa8 cxb4 26. axb4 Bxb4 27. Bc6 f6 28. Rd8 e5 29. Rxc8 a5 30. f4 Bc5 31. Bd5+ 1-0

[Event "4NCL Online Division 4"]
[Site "online"]
[Date "2021.10.05"]
[EventDate "2021.10.05"]
[Round "4.11"]
[White "Bedi, Adam"]
[WhiteElo "2002"]
[WhiteTeam "Eagle and Child"]
[Black "Smith, Mark"]
[BlackElo "1876"]
[BlackTeam "Wolfpack 1"]
[Result "1-0"]
[PlyCount "85"]

1. d4 Nf6 2. c4 Nc6 3. Nf3 e6 4. Nc3 Bb4 5. Qc2 d6 6. Bd2 O-O 7. a3 Bxc3 8. Bxc3 Re8 9. e3 e5 10. dxe5 Nxe5 11. Nxe5 dxe5 12. Be2 Bd7 13. O-O Bc6 14. b4 Qe7 15. Bd3 e4 16. Be2 b6 17. b5 Bb7 18. Qb2 Rad8 19. Rfd1 Rxd1+ 20. Rxd1 Rd8 21. Ra1 Ne8 22. a4 f6 23. h3 Qe6 24. a5 Nd6 25. axb6 axb6 26. Ra7 Ra8 27. Qa1 Qc8 28. Rxa8 Qxa8 29. Qd1 Qa3 30. Qd2 Qc5 31. Bb4 Qe5 32. Qa2 Qe6 33. Qa7 Qc8 34. Bxd6 cxd6 35. Qxb6 d5 36. c5 f5 37. c6 Ba8 38. Qc5 Qe6 39. Bd1 Kf7 40. Bb3 Qe7 41. Bxd5+ Ke8 42. Qxe7+ Kxe7 43. c7 1-0